1956 1479 1768 1142 1387 1987 1103 1466 1402 1420 1283 1807 1314 1032 1034 1031 1899 1277 1594 1636 1921 1307 1232 1616 1756 1710 1779 1941 1491 1489 1814 1515 1031 1378 1212 1605 1636 1158 1686 1504 1810 1480 1730 1681 1393 1747 1690 1919 1053 1346 1310 1399 1864 1816 1331 1992 1533 1728 1892 1484 1579 1491 1492 1991 1707 1812 1288 1965 1768 1702 1100 1240 1164 1897 1377 1341 1611 1224 1242 1648 1551 1968 1670 1992 1712 1537 1387 1445 1746 1608 1722 1078 1781 1434 1516 1974 1541 1906 1872 BCNSPRNW ULIB Ver.6.0+V

เปลี่ยนเป็นภาษาไทย

Change to English
 แสดงรายละเอียดบรรณานุกรม
  กลับหน้าหลัก

Brief Record : Get Marc (ISO 2709) : E-mail record : QR code < ปิดหน้าต่าง
LEADER : 00000nam a2200000Ia 4500
001    13399115206
003     ULIB
008    101004s2552 th 000 0 tha d
020    ^a9789744511492
060 04 ^aWM105^bจ631ส
100 0  ^aจุฑารัตน์ สถิรปัญญา
245 10 ^aสุขภาพจิต =^bMental health /^cจุฑารัตน์ สถิรปัญญา
246 31 ^aMental health
250    ^aพิมพ์ครั้งที่ 2
260    ^aสงขลา :^bสาขาสาธารณสุขศาสตร์ คณะวิทยาการสุขภาพและการกีฬา มหาวิทยาลัยทักษิณ,^c2552
300    ^aก-จ, 194 หน้า ;^c27 ซม.
650  4 ^aสุขภาพจิต
710 2  ^aมหาวิทยาลัยทักษิณ. ^bคณะวิทยาการสุขภาพและการกีฬา.
945    ^p265^l0^i032153
995    ^aเกษร
999 ^a ใช้งานได้ทุกระบบ
รายการนี้ยังไม่มีแท็ก
คุณยังไม่ได้ล็อกอิน คุณสามารถมีกิจกรรมร่วมกับเว็บไซต์ได้ แต่ต้องล็อกอินก่อน ::
  ล็อกอิน

รายการสื่อสารสนเทศ

ลำดับที่ ประเภท เลขเรียก/บาร์โค้ด สถานที่ สถานะ
- ไม่พบข้อมูล -

รายการใกล้เคียง
    ผู้แต่ง [จุฑารัตน์ สถิรปัญญา]

    หัวเรื่อง [สุขภาพจิต]

BibComment


ยังไม่เคยถูกคอมเมนท์

คอมเมนท์ทรัพยากรรายการนี้
  คอมเมนท์: สุขภาพจิต Menta..


 Copyright 2026. Bcnsprnw @Library